Ako volili v Rusku a Lotyšsku

Bibliographic Details
Main Author: Jancura, Vladimír, 1948- (Author)
Format: Article
Language:Slovak
Subjects:

MARC

LEADER 00000nab a2200000 a 4500
001 vtls000374640
003 SK-MaSNL
005 20260305035741.0
008 111202c1990 xo 0 slo
015 |a SNBRB19rr/mm-uuuuu 
035 |a CL0374762 
040 |a SNKBUCL  |b slo  |c SNKBUCL  |e AACR2 
041 0 |a slo 
044 |a xo  |c SK 
080 |a 323(47)  |2 1981 
080 |a 324(47)  |2 1981 
100 1 |a Jancura, Vladimír,  |d 1948-  |4 aut  |9 264957 
245 1 0 |a Ako volili v Rusku a Lotyšsku  |c (jc) 
650 0 7 |a Lotyšská SSR  |2 snkbucl  |9 926419 
650 0 7 |a vnútorná politika  |2 snkbucl  |9 970 
650 0 7 |a voľby miestne  |2 snkbucl  |9 954595 
651 7 |a Sovietsky zväz  |2 snkbucl  |9 22126 
655 7 |a články z novín a časopisov  |2 snkbucl  |9 267496 
773 0 |t Pravda  |g Roč. 71, č. 67 (20. 3. 1990), s. 9 
850 |a Slovenská národná knižnica v Martine  |a MTA001 
852 |a SNK  |b KIS3GCP 
958 |a RK 
958 |a SU 
992 |a RBX 
999 |c 3335340  |d 3337270